000 00799nam a2200205 a 4500
001 000005589
005 20200929151723.0
008 090820s2001 dr 000 0 spa d
040 _aDO-SdBNP
_bspa
_cBNPHU
082 _axxxx
_bC737l
245 0 0 _acompilacion de leyes, decretos y resoluciones en vigencia para la administración y protección de los recursos costeros marinos de la República Dominicana ; Francisco X. Gerales...[et.al].
260 _aSanto Domingo :
_bMAMMA,
_c2001.
300 _a121 p. ;
_c23 cm.
504 _aIncluye bibliografías (p. 121)
700 1 _aVega, Mónica
_915777
700 1 _aPugibet, Enrique
_915778
700 1 _aRodríguez, Yira
_915779
710 1 _aFundación Dominicana Pro-Investigación y Conservación de los Recursos Marinos
_915780
049 _aBNPD
999 _c5388
_d5388